| 000 | 02206nam a2200205Ia 4500 | ||
|---|---|---|---|
| 003 | OSt | ||
| 005 | 20250227101211.0 | ||
| 008 | 210210b xxu||||| |||| 00| 0 eng d | ||
| 040 | _cal | ||
| 041 | _akannada | ||
| 082 | _a852/117 | ||
| 100 |
_aKRSHNA BHATTA SEDIYAPU And Otthers _9149705 _dಸೇಡಿಯಾಪು ಕೃಷ್ಣಭಟ್ಟ ಮತ್ತು ಇತರರು |
||
| 245 |
_aTenkanadu _bತೆಂಕನಾಡು |
||
| 260 |
_aKasaragod _bKannada sahitya Sammelana _c1947 |
||
| 520 | _aವಿಷಯ ಸೂ ಚಿ: ಕನ್ನಡ ದೇವಿ (ಪದ್ಯ) (ದಿವಂಗತ ಮುಳಿಯ ಶಂಕರಭಟ್ಟ), ತುಳು ನಾಡು (ಶ್ರೀ ಗೋವಿಂದ ಪೈ), ಅಳಿಯ ಸಂತಾನಕಟ್ಟು (ಡಾ. ಬಿ. ಎ. ಸಾಲೆತ್ತೂರ್, ಎಮ್.ಎ., ಡಿ.ಫಿಲ್., ಪಿಎಚ್.ಡಿ. ಲಂಡನ್), ದಕ್ಷಿಣ ಕನ್ನಡದಲ್ಲಿ ಜೈನಧರ್ಮದ ಕುರುಹುಗಳು (ಶ್ರೀ. ಶ್ರೀಪಾದ ಶರ್ಮ, ಎಮ್.ಎ.), ಭೂತಾರಾಧನೆ (ರಾವ್ ಸಾಹೇಬ್ ರಂಗನಾಥ ಪೂಂಜ, ಬಿ.ಎ., ಬಿ.ಎಲ್.), ದಕ್ಷಿಣ ಕನ್ನಡದ ಕಲೆಗಳು (ಶ್ರೀ, ಶಿವರಾಮ ಕಾರಂತ), ದಕ್ಷಿಣ ಕನ್ನಡದಲ್ಲಿ ಇಕ್ಕೇರಿನಾಯಕರ ಆಳಿಕೆ (ಶ್ರೀ. ಬೇಕಲ ರಾಮನಾಯಕ), ದಕ್ಷಿಣ ಕನ್ನಡದಲ್ಲಿ ಪತ್ರಿಕೋದ್ಯಮದ ಬೆಳವಣಿಗೆ (ಶ್ರೀ, ಹುರುಳಿ ಭೀಮರಾಯ), ಕನ್ನಡ ಛಾಷೆಯ ವಿಕಾಸ (ಶ್ರೀ. ದಾಮೋದರ ಬಾಳಿಗ), 'ಕನ್ನಡ ಮಲಯಾಳ ಸಮಸ್ಯೆ (ಶ್ರೀ. ಬಿ. ಶ್ರೀಧರ ಕಕ್ಕಿಲಾಯ್, ಬಿ.ಎ., ಬಿ.ಎಲ್.), ದಕ್ಷಿಣ ಕನ್ನಡ ಜಿಲ್ಲೆಯ ಬರಹಗಾರರು (ಶ್ರೀ ಬಿ. ಶಂಕರಭಟ್ಟ ಮತ್ತು ಶ್ರೀ. ಬಿ. ಎಮ್. ಶರ್ಮಾ) | ||
| 650 |
_aSouth Kanara /South Canara _9184295 |
||
| 690 |
_aKannada Prose _9149706 |
||
| 906 | _a018686 | ||
| 942 |
_2ddc _cBK |
||
| 999 |
_c142239 _d142239 |
||